| 000 | 00641nam a2200217Ia 4500 | ||
|---|---|---|---|
| 008 | 160418s9999 xx 000 0 und d | ||
| 050 | _aFIL DS 686.2 | ||
| 050 | _b.L3C78 2011 | ||
| 100 | _aCruz, Isagani A. | ||
| 245 | _aPepito : | ||
| 245 | _bspeaker of the house : the public life of Jose B. Laurel, Jr. / | ||
| 245 | _cIsagani A. Cruz, Cynthia Cruz Datu. | ||
| 260 | _aManila : | ||
| 260 | _bThe Speaker laurel Found., Inc., | ||
| 260 | _c2011 | ||
| 300 | _a243 pages : | ||
| 300 | _billustrations ; | ||
| 300 | _c27 cm. | ||
| 500 | _aIncludes bibliographical references. | ||
| 650 | _aLaurel, Jose B., Jr. -- Biography. | ||
| 999 |
_c293638 _d293638 |
||